[Event "TUR-ch Seniors 50"]
[Site "Ankara"]
[Date "2023.05.23"]
[Round "5"]
[White "Isler, Yalcin"]
[Black "Karadag, Eflatun Cem"]
[Result "1-0"]
[WhiteElo "1248"]
[BlackElo "1692"]
[PlyCount "89"]
[EventDate "2023.05.19"]
[EventType "swiss"]
[EventRounds "9"]
[EventCountry "TUR"]
[SourceTitle "CBM 214 Extra"]
[Source "ChessBase"]
[SourceDate "2023.07.31"]
[SourceVersion "1"]
[SourceVersionDate "2023.07.31"]
[SourceQuality "1"]

1. Nf3 d5 2. g3 Nf6 3. Bg2 c5 4. d3 Nc6 5. Nbd2 e5 6. e4 dxe4 7. dxe4 b6 8. Qe2 Be7 9. Nc4 Qc7 10. a4 0-0 11. 0-0 Ba6 12. b3 Nd4 13. Qd3 Rad8 14. Bb2 Nxf3+ 15. Qxf3 Bxc4 16. bxc4 a5 17. Qf5 Nd7 18. Rfd1 g6 19. Qg4 Nf6 20. Qg5 Rd4 21. Bxd4 cxd4 22. f4 exf4 23. Qxf4 Qxc4 24. Kh1 Nh5 25. Qd2 Rd8 26. Qd3 Qe6 27. c3 dxc3 28. Qxc3 Re8 29. Qf3 Nf6 30. e5 Nd7 31. Qc6 Rd8 32. Qxe6 fxe6 33. Rf1 Nc5 34. Rab1 Nxa4 35. Bh3 Bc5 36. Bxe6+ Kh8 37. Rbd1 Rxd1 38. Rxd1 Nc3 39. Rd3 Ne4 40. Kg2 Bb4 41. Rd8+ Kg7 42. Rd7+ Kh8 43. Bc4 a4 44. e6 Nf6 45. e7 1-0

[Event "TUR Cup"]
[Site "Adapazari"]
[Date "2022.03.30"]
[Round "8"]
[White "Tarhan, Adar"]
[Black "Karadag, Eflatun Cem"]
[Result "1-0"]
[WhiteElo "2314"]
[BlackElo "1751"]
[PlyCount "83"]
[EventDate "2022.03.25"]
[EventType "swiss"]
[EventRounds "11"]
[EventCountry "TUR"]
[SourceTitle "EXT 2023"]
[Source "ChessBase"]
[SourceDate "2022.10.05"]
[SourceVersion "1"]
[SourceVersionDate "2022.10.05"]
[SourceQuality "1"]

1. e4 a6 2. d4 b5 3. Nf3 Bb7 4. Bd3 e6 5. Nbd2 c5 6. c3 Nc6 7. 0-0 Nf6 8. e5 Nd5 9. Ne4 cxd4 10. cxd4 Qb6 11. Be3 Ncb4 12. Bb1 d6 13. a3 Nxe3 14. fxe3 Nd5 15. Qe2 h6 16. Qf2 f5 17. exf6 Nxf6 18. Nxf6+ gxf6 19. Bg6+ Kd7 20. e4 Be7 21. Rac1 Rag8 22. Bf7 d5 23. Bxg8 Rxg8 24. e5 f5 25. b4 a5 26. Qd2 axb4 27. axb4 Ra8 28. Rc2 Ra4 29. Rb1 Qa7 30. h4 Qb8 31. Qxh6 Bxb4 32. Ng5 Qg8 33. Nxe6 Qxe6 34. Rc7+ Kxc7 35. Qxe6 Bc3 36. Qd6+ Kc8 37. Rc1 Rc4 38. Rxc3 Rxc3 39. e6 Bc6 40. h5 Be8 41. h6 Rc7 42. Qxc7+ 1-0

[Event "TUR Cup"]
[Site "Adapazari"]
[Date "2022.03.26"]
[Round "2"]
[White "Muti, Erol"]
[Black "Karadag, Eflatun Cem"]
[Result "0-1"]
[WhiteElo "1243"]
[BlackElo "1751"]
[PlyCount "78"]
[EventDate "2022.03.25"]
[EventType "swiss"]
[EventRounds "11"]
[EventCountry "TUR"]
[SourceTitle "EXT 2023"]
[Source "ChessBase"]
[SourceDate "2022.10.05"]
[SourceVersion "1"]
[SourceVersionDate "2022.10.05"]
[SourceQuality "1"]

1. e4 d6 2. d4 Nf6 3. Bd3 e5 4. d5 Nbd7 5. b4 a5 6. c3 c6 7. dxc6 bxc6 8. Bg5 axb4 9. cxb4 h6 10. Be3 d5 11. exd5 Bxb4+ 12. Bd2 Bxd2+ 13. Nxd2 cxd5 14. Ne2 0-0 15. 0-0 Nc5 16. Bb5 Qb6 17. a4 Ba6 18. Nc3 Bxb5 19. axb5 d4 20. Nc4 Qe6 21. Nxe5 Qxe5 22. Re1 Qd6 23. Rb1 Rfd8 24. Ne2 Nce4 25. Qd3 Nxf2 26. Kxf2 Ng4+ 27. Kf1 Qf6+ 28. Kg1 Qf2+ 29. Kh1 Qxe1+ 30. Rxe1 Nf2+ 31. Kg1 Nxd3 32. Rb1 Ra2 33. Ng3 Rb2 34. Rd1 Nf4 35. Ne4 Rxg2+ 36. Kh1 Rb2 37. Nc3 dxc3 38. Rxd8+ Kh7 39. Rc8 Rb1# 0-1

[Event "Marmaris Karya 13th"]
[Site "Marmaris"]
[Date "2022.01.30"]
[Round "8.5"]
[White "Karadag, Eflatun Cem"]
[Black "Ahmad, Al Khatib"]
[Result "0-1"]
[WhiteElo "1827"]
[BlackElo "2226"]
[PlyCount "86"]
[EventDate "2022.01.27"]
[EventType "schev"]
[EventRounds "10"]
[EventCountry "TUR"]
[SourceTitle "CBM 206 Extra"]
[Source "ChessBase"]
[SourceDate "2022.03.31"]
[SourceVersion "1"]
[SourceVersionDate "2022.03.31"]
[SourceQuality "1"]
[WhiteTeam "White"]
[BlackTeam "Red Team"]
[WhiteTeamCountry "UAE"]
[BlackTeamCountry "TUR"]

1. e4 c6 2. d4 d5 3. exd5 cxd5 4. Bd3 Nf6 5. c3 Bg4 6. Qb3 Qd7 7. f3 Bh5 8. Ne2 Nc6 9. Bf4 e6 10. Nd2 Bd6 11. 0-0 0-0 12. Rfe1 Bg6 13. Bxg6 hxg6 14. Bxd6 Qxd6 15. a4 Rfe8 16. Rad1 Qc7 17. Nc1 e5 18. dxe5 Nxe5 19. Qb4 Re6 20. Qd4 Rae8 21. g3 Nc6 22. Qf2 Rxe1+ 23. Rxe1 Rxe1+ 24. Qxe1 Qb6+ 25. Kf1 Qxb2 26. Ne2 Qc2 27. g4 Qxa4 28. g5 Nh5 29. Ng3 Nxg3+ 30. hxg3 Nd8 31. Qe3 Ne6 32. Ke2 d4 33. cxd4 Qxd4 34. Qxd4 Nxd4+ 35. Kd3 Ne6 36. f4 Kf8 37. Kc4 Ke7 38. Kd5 Nc7+ 39. Kc5 Kd7 40. Ne4 b6+ 41. Kd4 a5 42. Nc3 Kc6 43. g4 Nb5+ 0-1

[Event "Marmaris Karya 13th"]
[Site "Marmaris"]
[Date "2022.01.29"]
[Round "6.2"]
[White "Karadag, Eflatun Cem"]
[Black "Blesic, Vaso"]
[Result "0-1"]
[WhiteElo "1827"]
[BlackElo "2276"]
[PlyCount "109"]
[EventDate "2022.01.27"]
[EventType "schev"]
[EventRounds "10"]
[EventCountry "TUR"]
[SourceTitle "CBM 206 Extra"]
[Source "ChessBase"]
[SourceDate "2022.03.31"]
[SourceVersion "1"]
[SourceVersionDate "2022.03.31"]
[SourceQuality "1"]
[WhiteTeam "White"]
[BlackTeam "Red Team"]
[WhiteTeamCountry "UAE"]
[BlackTeamCountry "TUR"]

1. e4 c6 2. d4 d5 3. exd5 cxd5 4. Bd3 Nc6 5. c3 Qc7 6. Ne2 Bg4 7. f3 Bh5 8. Bf4 Qd7 9. Bg3 Nf6 10. 0-0 e6 11. Nf4 Bd6 12. Nd2 Bg6 13. Nb3 Qc7 14. Ne2 0-0 15. Bxg6 hxg6 16. Bxd6 Qxd6 17. Qd2 e5 18. dxe5 Nxe5 19. Ned4 Rfe8 20. Rfe1 Nc4 21. Qf2 Nh5 22. g3 Nf6 23. Rad1 Qb6 24. Kg2 Nd7 25. h4 Kf8 26. Kf1 Qa6 27. Kg2 Rxe1 28. Rxe1 Qxa2 29. Ra1 Qxb2 30. Qxb2 Nxb2 31. Nb5 a6 32. Nc7 Rc8 33. Nxd5 Nf6 34. Nxf6 gxf6 35. Nd4 Nd3 36. Rb1 Nc5 37. Kf2 b5 38. Ne2 Re8 39. Rd1 Na4 40. Rd6 Re6 41. Rxe6 fxe6 42. Ke3 Ke7 43. Kd2 e5 44. Kc2 Nc5 45. f4 Ke6 46. g4 a5 47. fxe5 Kxe5 48. h5 gxh5 49. gxh5 Kf5 50. Nd4+ Kg5 51. Nxb5 f5 52. Nd4 f4 53. Kd2 Kxh5 54. Ke2 Kg4 55. Nb5 0-1

[Event "Marmaris Karya 13th"]
[Site "Marmaris"]
[Date "2022.01.28"]
[Round "3.5"]
[White "Ahmad, Al Khatib"]
[Black "Karadag, Eflatun Cem"]
[Result "1-0"]
[WhiteElo "2226"]
[BlackElo "1827"]
[PlyCount "65"]
[EventDate "2022.01.27"]
[EventType "schev"]
[EventRounds "10"]
[EventCountry "TUR"]
[SourceTitle "CBM 206 Extra"]
[Source "ChessBase"]
[SourceDate "2022.03.31"]
[SourceVersion "1"]
[SourceVersionDate "2022.03.31"]
[SourceQuality "1"]
[WhiteTeam "Red Team"]
[BlackTeam "White"]
[WhiteTeamCountry "TUR"]
[BlackTeamCountry "UAE"]

1. e4 e5 2. Nf3 d6 3. d4 Nf6 4. Nc3 Be7 5. g3 0-0 6. Bg2 Re8 7. 0-0 exd4 8. Nxd4 h6 9. h3 Bf8 10. Re1 Nbd7 11. g4 g6 12. Nde2 Rb8 13. a4 a5 14. Ng3 Nc5 15. Be3 Na6 16. Qd2 Nb4 17. Rad1 Kh7 18. f4 Bd7 19. g5 hxg5 20. fxg5 Ng8 21. Qf2 Be6 22. Nf5 gxf5 23. exf5 Bd7 24. Rd4 Rxe3 25. Rxe3 Qxg5 26. Rg4 Qd8 27. Ne4 Bh6 28. Reg3 Nf6 29. Ng5+ Bxg5 30. Rxg5 Qe7 31. Qf4 Kh8 32. Qh4+ Nh7 33. Qxh7+ 1-0

[Event "Marmaris Karya 13th"]
[Site "Marmaris"]
[Date "2022.01.27"]
[Round "1.2"]
[White "Blesic, Vaso"]
[Black "Karadag, Eflatun Cem"]
[Result "1-0"]
[WhiteElo "2276"]
[BlackElo "1827"]
[PlyCount "97"]
[EventDate "2022.01.27"]
[EventType "schev"]
[EventRounds "10"]
[EventCountry "TUR"]
[SourceTitle "CBM 206 Extra"]
[Source "ChessBase"]
[SourceDate "2022.03.31"]
[SourceVersion "1"]
[SourceVersionDate "2022.03.31"]
[SourceQuality "1"]
[WhiteTeam "Red Team"]
[BlackTeam "White"]
[WhiteTeamCountry "TUR"]
[BlackTeamCountry "UAE"]

1. e4 e5 2. Nf3 Nc6 3. Bb5 a6 4. Bxc6 dxc6 5. 0-0 f6 6. d4 exd4 7. Nxd4 c5 8. Ne2 Qxd1 9. Rxd1 Bd7 10. Nbc3 0-0-0 11. f3 Ne7 12. Bf4 Be6 13. Rxd8+ Kxd8 14. Rd1+ Kc8 15. Bg3 Ng6 16. Nd5 Bxd5 17. Rxd5 Be7 18. Nf4 Nxf4 19. Bxf4 Rd8 20. Rxd8+ Kxd8 21. c4 Kd7 22. Kf2 b5 23. b3 Kc6 24. Bd2 bxc4 25. bxc4 Kd6 26. f4 Ke6 27. Kf3 g6 28. g4 c6 29. f5+ Kf7 30. Bf4 Kg7 31. e5 gxf5 32. gxf5 fxe5 33. Bxe5+ Kf7 34. Kg4 Bf8 35. Kg5 Be7+ 36. Kh6 Kg8 37. h3 Bh4 38. Kh5 Bf2 39. Kg5 Kf7 40. Kf4 Ke7 41. Kf3 Be1 42. Bg3 Bc3 43. Bf2 Kf6 44. Ke4 Bd4 45. Bxd4+ cxd4 46. Kxd4 Kxf5 47. Kc5 Kf4 48. Kxc6 Kg3 49. Kb6 1-0

[Event "Mersin op 5th"]
[Site "Mersin"]
[Date "2021.11.17"]
[Round "3"]
[White "Dikilitas, Beren"]
[Black "Karadag, Eflatun Cem"]
[Result "1/2-1/2"]
[WhiteElo "1541"]
[BlackElo "1842"]
[PlyCount "95"]
[EventDate "2021.11.16"]
[EventType "swiss"]
[EventRounds "9"]
[EventCountry "TUR"]
[SourceTitle "EXT 2023"]
[Source "ChessBase"]
[SourceDate "2022.10.05"]
[SourceVersion "1"]
[SourceVersionDate "2022.10.05"]
[SourceQuality "1"]

1. e4 e5 2. Nf3 Nc6 3. Bc4 Bc5 4. c3 Nf6 5. d3 d6 6. Nbd2 a6 7. Bb3 Ba7 8. h3 h6 9. Nf1 0-0 10. Ng3 d5 11. Qe2 Be6 12. 0-0 Qd6 13. Nh4 Ne7 14. Qf3 Nh7 15. Ngf5 Bxf5 16. Nxf5 Nxf5 17. Qxf5 c6 18. Rd1 Rad8 19. exd5 cxd5 20. d4 Rfe8 21. Be3 Bb8 22. g3 Qe6 23. Qxe6 fxe6 24. dxe5 Bxe5 25. Bd4 Bxd4 26. Rxd4 Nf6 27. f3 Kf8 28. Re1 b5 29. f4 g5 30. Re5 gxf4 31. gxf4 Ke7 32. Bc2 Kd6 33. Kf2 Rg8 34. Rd1 Nd7 35. Rh5 Rdf8 36. f5 Rf6 37. Rg1 Rgf8 38. Ke3 exf5 39. Kf4 Ne5 40. Rxf5 Rxf5+ 41. Bxf5 Nd3+ 42. Ke3 Nxb2 43. Rg6+ Ke5 44. Bg4 Nc4+ 45. Kd3 Nb2+ 46. Ke3 Nc4+ 47. Kd3 Nb2+ 48. Ke3 1/2-1/2

[Event "TUR-chT 2nd League"]
[Site "Konya"]
[Date "2018.07.17"]
[Round "2.14"]
[White "Haussernot, Cecile"]
[Black "Karadag, Eflatun Cem"]
[Result "1-0"]
[WhiteElo "2200"]
[BlackElo "2202"]
[PlyCount "79"]
[EventDate "2018.07.16"]
[EventType "team-swiss"]
[EventRounds "9"]
[EventCountry "TUR"]
[SourceTitle "EXT 2019"]
[Source "ChessBase"]
[SourceDate "2018.10.10"]
[SourceVersion "1"]
[SourceVersionDate "2018.10.10"]
[SourceQuality "1"]
[WhiteTeam "Gaziantep Sader"]
[BlackTeam "Adamlari Amator"]
[WhiteTeamCountry "TUR"]
[BlackTeamCountry "TUR"]

1. e4 e5 2. Nf3 Nc6 3. Bb5 a6 4. Ba4 Nf6 5. 0-0 Be7 6. Re1 b5 7. Bb3 d6 8. c3 0-0 9. h3 Na5 10. Bc2 c5 11. d4 Qc7 12. Nbd2 cxd4 13. cxd4 Nc6 14. d5 Nb4 15. Bb1 a5 16. Nf1 Bd7 17. Bd2 Na6 18. Bd3 Nc5 19. Rc1 Qb7 20. Bb1 Rfc8 21. g4 b4 22. Ng3 Ne8 23. Be3 Na4 24. Qd2 b3 25. a3 Bd8 26. Nf5 Rxc1 27. Rxc1 Rc8 28. Re1 Bb6 29. Ne7+ Kf8 30. Nxc8 Bxc8 31. Qd3 Bxe3 32. Rxe3 Nc5 33. Qc3 Qb6 34. Nd2 Ba6 35. Nxb3 Qb5 36. Nd2 Na4 37. Qb3 Qd7 38. Bc2 h5 39. Qxa4 Qc7 40. Rc3 1-0

[Event "Cesme op 6th"]
[Site "Cesme"]
[Date "2018.06.27"]
[Round "3"]
[White "Karadag, Eflatun Cem"]
[Black "Kovchan, Alexander"]
[Result "0-1"]
[WhiteElo "2202"]
[BlackElo "2572"]
[PlyCount "68"]
[EventDate "2018.06.26"]
[EventType "swiss"]
[EventRounds "9"]
[EventCountry "TUR"]
[SourceTitle "CBM 185 Extra"]
[Source "ChessBase"]
[SourceDate "2018.07.29"]
[SourceVersion "1"]
[SourceVersionDate "2018.07.29"]
[SourceQuality "1"]

1. e4 c5 2. c3 d5 3. exd5 Qxd5 4. d4 e6 5. Nf3 Nf6 6. Be2 Be7 7. 0-0 0-0 8. Na3 Qd8 9. Bf4 Nd5 10. Bg3 cxd4 11. cxd4 Bxa3 12. bxa3 Nc6 13. Ne5 Nxe5 14. dxe5 Bd7 15. Bd3 Qa5 16. Qh5 g6 17. Qh6 Rfc8 18. Rab1 Rc3 19. Be4 Bc6 20. h4 Qxa3 21. h5 Qf8 22. Qg5 Rc4 23. Bxd5 Bxd5 24. Rfc1 Rac8 25. Rxc4 Rxc4 26. Qd2 Qe7 27. h6 Kf8 28. Bf4 Ke8 29. Bg5 Qc7 30. Bf6 Rg4 31. g3 Rc4 32. a3 Rc3 33. Ra1 Qc4 34. Qe3 Rxe3 0-1

[Event "Olympiad-29"]
[Site "Novi Sad"]
[Date "1990.11.19"]
[Round "3"]
[White "Sznapik, Aleksander"]
[Black "Karadag, Eflatun Cem"]
[Result "1-0"]
[WhiteElo "2455"]
[BlackElo "2275"]
[PlyCount "107"]
[EventDate "1990.11.17"]
[EventType "team-swiss"]
[EventRounds "14"]
[EventCountry "YUG"]
[SourceTitle "EXT 2019"]
[Source "ChessBase"]
[SourceDate "2018.10.10"]
[SourceVersion "1"]
[SourceVersionDate "2018.10.10"]
[SourceQuality "1"]
[WhiteTeam "Poland"]
[BlackTeam "Turkey"]
[WhiteTeamCountry "POL"]
[BlackTeamCountry "TUR"]

1. e4 d5 2. exd5 c6 3. d4 cxd5 4. Bd3 Nc6 5. c3 Nf6 6. Bf4 Bg4 7. Qb3 Qb6 8. Nd2 Qxb3 9. axb3 Nd7 10. Ngf3 f6 11. Bb5 Kf7 12. 0-0 g5 13. Bg3 h5 14. h3 Bf5 15. Rfe1 Bh6 16. Nf1 a6 17. Be2 e6 18. b4 b5 19. N3d2 Bg6 20. Nb3 Rhe8 21. Na5 Nxa5 22. Rxa5 Nb6 23. Rea1 Na4 24. Nd2 h4 25. Bh2 Rec8 26. Nb3 Bf8 27. Nc5 Bxc5 28. bxc5 Bc2 29. Bd6 Bb3 30. Ra3 Bc2 31. b4 Ke8 32. Kf1 Kd8 33. Ke1 Be4 34. f3 Bg6 35. Kd2 Be8 36. Bd3 Bc6 37. Kc2 Kd7 38. R3xa4 bxa4 39. Bxa6 Rg8 40. Kb2 f5 41. Be5 Ke7 42. Bc7 g4 43. fxg4 fxg4 44. b5 Rxa6 45. bxa6 gxh3 46. gxh3 Kd7 47. Be5 Rg2+ 48. Kb1 Rg1+ 49. Kc2 Rg2+ 50. Kd3 Ra2 51. a7 Ba8 52. Ra6 Ra1 53. c6+ Bxc6 54. Rxc6 1-0

[Event "Kusadasi op"]
[Site "Kusadasi"]
[Date "1990.??.??"]
[Round "6"]
[White "Zeitlein, Michael"]
[Black "Karadag, Eflatun Cem"]
[Result "1-0"]
[WhiteElo "2465"]
[BlackElo "2275"]
[PlyCount "86"]
[EventDate "1990.04.??"]
[EventType "swiss"]
[EventRounds "9"]
[EventCountry "TUR"]
[SourceTitle "EXT 2000"]
[Source "ChessBase"]
[SourceDate "1999.11.16"]
[SourceVersion "1"]
[SourceVersionDate "1999.11.16"]
[SourceQuality "1"]

1. e4 e5 2. Nc3 Nc6 3. f4 Bc5 4. Nf3 d6 5. Bb5 f6 6. d4 exd4 7. Nxd4 Bd7 8. Nb3 Bb4 9. 0-0 Bxc3 10. bxc3 a6 11. Bc4 Qe7 12. Nd4 0-0-0 13. Re1 g6 14. Ba3 Nh6 15. Rb1 Na5 16. Bxa6 c5 17. Nb3 Nxb3 18. Rxb3 bxa6 19. Qd5 Bb5 20. c4 Qa7 21. cxb5 a5 22. Bb2 Rhf8 23. Rh3 Ng8 24. c4 h6 25. Ra3 Qb7 26. Rxa5 Rfe8 27. Ra8+ Kc7 28. Qxb7+ Kxb7 29. Rxd8 Rxd8 30. Kf2 Ra8 31. a3 Ra4 32. Rc1 Ne7 33. Bxf6 Nc8 34. Bd8 Rxa3 35. f5 gxf5 36. exf5 d5 37. f6 Nd6 38. Be7 Kc7 39. cxd5 Ne4+ 40. Kg1 Kd7 41. Bxc5 Ra8 42. f7 Nd6 43. Bxd6 Kxd6 1-0

[Event "ECI op U20 8th"]
[Site "Eeklo"]
[Date "1981.08.??"]
[Round "9"]
[White "Hovestadt, Leo"]
[Black "Karadag, Eflatun Cem"]
[Result "1-0"]
[WhiteElo "2000"]
[BlackElo "2064"]
[PlyCount "73"]
[EventDate "1981.08.??"]
[EventType "swiss"]
[EventRounds "9"]
[EventCountry "BEL"]
[SourceTitle "EXT 2021"]
[Source "ChessBase"]
[SourceDate "2020.10.23"]
[SourceVersion "1"]
[SourceVersionDate "2020.10.23"]
[SourceQuality "1"]

1. Nf3 Nf6 2. c4 g6 3. g3 Bg7 4. Nc3 0-0 5. Bg2 d6 6. 0-0 e5 7. d3 Nc6 8. Rb1 h6 9. b4 Be6 10. e4 Qd7 11. Nd5 Nh5 12. b5 Nd8 13. Nh4 Kh7 14. Be3 c6 15. bxc6 bxc6 16. Nc3 Bf6 17. Nf3 Bg4 18. Qa4 Bh3 19. Rb3 g5 20. Bxh3 Qxh3 21. Qa3 Be7 22. d4 g4 23. Ne1 exd4 24. Bxd4 c5 25. Nd5 Nc6 26. Ba1 f5 27. Ng2 fxe4 28. Ndf4 Nxf4 29. Nxf4 Rxf4 30. gxf4 Qh4 31. Rb7 Kg6 32. Qe3 Rc8 33. Qxe4+ Kf7 34. Qh7+ Kf8 35. Qg7+ Ke8 36. Qg8+ Bf8 37. Qf7+ 1-0

[Event "ECI op U20 8th"]
[Site "Eeklo"]
[Date "1981.08.??"]
[Round "8"]
[White "James, Simon"]
[Black "Karadag, Eflatun Cem"]
[Result "1-0"]
[WhiteElo "2020"]
[BlackElo "2064"]
[PlyCount "160"]
[EventDate "1981.08.??"]
[EventType "swiss"]
[EventRounds "9"]
[EventCountry "BEL"]
[SourceTitle "EXT 2021"]
[Source "ChessBase"]
[SourceDate "2020.10.23"]
[SourceVersion "1"]
[SourceVersionDate "2020.10.23"]
[SourceQuality "1"]

1. d4 Nf6 2. c4 g6 3. Nc3 Bg7 4. e4 0-0 5. Be2 d6 6. Bg5 c6 7. Nf3 Nbd7 8. 0-0 Qc7 9. Rc1 Re8 10. b4 e5 11. d5 c5 12. a3 h6 13. Bd2 b6 14. Ne1 Nh7 15. f3 Ndf8 16. Nd3 f5 17. Nb5 Qe7 18. bxc5 bxc5 19. Ba5 Rb8 20. Nf2 a6 21. Nc3 h5 22. Qd2 f4 23. Rb1 Rxb1 24. Rxb1 g5 25. Bd1 Ng6 26. Na4 g4 27. fxg4 hxg4 28. Nxg4 Qh4 29. Qf2 Qg5 30. h3 Nf6 31. Nxf6+ Bxf6 32. Kh1 Qh6 33. Qf3 Qg7 34. Be1 Bd8 35. Nb6 Bb7 36. Ba4 Re7 37. Qg4 f3 38. gxf3 Rf7 39. Be8 Rf4 40. Qxg6 Rxf3 41. Qxg7+ Kxg7 42. Kg2 Re3 43. Bf2 Rxe4 44. Na4 Kf8 45. Bd7 Ba8 46. Rb8 Ke7 47. Rxa8 Kxd7 48. Ra7+ Kc8 49. Nb2 Re2 50. Nd1 Rd2 51. Ne3 Bg5 52. Kf1 e4 53. Rxa6 Kd7 54. Ra7+ Ke8 55. Rg7 Bxe3 56. Bxe3 Rc2 57. Rg6 Rxc4 58. Rxd6 Rc3 59. Re6+ Kd7 60. Rxe4 Kd6 61. Bf4+ Kxd5 62. Re3 Rc1+ 63. Ke2 Rh1 64. Kd2 Rf1 65. Bg5 Ra1 66. Kc2 Kc4 67. Rc3+ Kd5 68. Kb3 Rb1+ 69. Ka4 c4 70. Be7 Rb7 71. Bb4 Ra7+ 72. Ba5 Kd4 73. Rg3 Rb7 74. h4 Rh7 75. Rh3 Rh5 76. Kb4 Rh7 77. Bb6+ Kd5 78. a4 Rh5 79. a5 c3 80. Kxc3 Kc6 1-0

[Event "ECI op U20 8th"]
[Site "Eeklo"]
[Date "1981.08.??"]
[Round "2"]
[White "Karadag, Eflatun Cem"]
[Black "Cardon, Helmut"]
[Result "1/2-1/2"]
[WhiteElo "2064"]
[BlackElo "2265"]
[PlyCount "85"]
[EventDate "1981.08.??"]
[EventType "swiss"]
[EventRounds "9"]
[EventCountry "BEL"]
[SourceTitle "EXT 2021"]
[Source "ChessBase"]
[SourceDate "2020.10.23"]
[SourceVersion "1"]
[SourceVersionDate "2020.10.23"]
[SourceQuality "1"]

1. e4 d6 2. d4 Nf6 3. Nc3 g6 4. Be2 Bg7 5. h4 Nc6 6. Be3 e5 7. d5 Nd4 8. Qd2 c6 9. h5 Nxh5 10. Bxh5 gxh5 11. Nce2 Nxe2 12. Nxe2 cxd5 13. Qxd5 Be6 14. Qxb7 0-0 15. Qa6 d5 16. exd5 Qxd5 17. Rd1 Qe4 18. Qd3 Qg6 19. Ng3 Rfc8 20. c3 Rab8 21. Bc1 Bxa2 22. Nf5 Re8 23. Nxg7 Kxg7 24. Qe3 Be6 25. Rd6 Rb6 26. Rxb6 axb6 27. 0-0 Bd5 28. f3 h6 29. Rd1 Ba8 30. Rd7 h4 31. Kf2 Qg3+ 32. Kf1 Qg6 33. Qf2 Qf6 34. Be3 Rd8 35. Rxd8 Qxd8 36. Bxb6 Qd1+ 37. Qe1 Qxe1+ 38. Kxe1 h3 39. gxh3 Bxf3 40. Kf2 Bd5 41. Ke3 f5 42. Bc7 Kf6 43. Kd3 1/2-1/2

[Event "ECI op U20 8th"]
[Site "Eeklo"]
[Date "1981.08.??"]
[Round "6"]
[White "Rehn, Ralf"]
[Black "Karadag, Eflatun Cem"]
[Result "1/2-1/2"]
[WhiteElo "2074"]
[BlackElo "2064"]
[PlyCount "129"]
[EventDate "1981.08.??"]
[EventType "swiss"]
[EventRounds "9"]
[EventCountry "BEL"]
[SourceTitle "EXT 2021"]
[Source "ChessBase"]
[SourceDate "2020.10.23"]
[SourceVersion "1"]
[SourceVersionDate "2020.10.23"]
[SourceQuality "1"]

1. e4 c5 2. Nf3 a6 3. d4 e6 4. Be3 cxd4 5. Nxd4 Nf6 6. Bd3 Qc7 7. c4 d5 8. Nd2 dxe4 9. Nxe4 Nxe4 10. Bxe4 f5 11. Bd3 Bb4+ 12. Bd2 Qe5+ 13. Be2 Qa5 14. 0-0 Bxd2 15. Nb3 Qc7 16. Qxd2 0-0 17. Rfd1 Nc6 18. Qd6 Qf7 19. Bf3 Ne7 20. Nc5 Ng6 21. Rd4 Qf6 22. Rad1 e5 23. Qxf6 gxf6 24. Bd5+ Kh8 25. R4d3 Rb8 26. Bxb7 Bxb7 27. Nd7 Nf4 28. Rd6 Rg8 29. g3 Rbd8 30. Nxf6 Rxd6 31. Rxd6 Nh3+ 32. Kf1 Rg6 33. Rd8+ Kg7 34. Ne8+ Kh6 35. Nd6 Be4 36. Nf7+ Kh5 37. Nxe5 Re6 38. f4 Ng5 39. Rd7 h6 40. Kf2 Bb1 41. fxg5 Rxe5 42. gxh6 Kxh6 43. Rd6+ Kg5 44. Rxa6 Bd3 45. h4+ Kg4 46. Rg6+ Kh5 47. Rg5+ Kh6 48. b3 Re2+ 49. Kf3 Rxa2 50. Ke3 Bc2 51. c5 Rb2 52. Kd4 Rxb3 53. c6 Rd3+ 54. Kc4 Rd8 55. Kc5 Rf8 56. c7 Be4 57. Kd6 Bb7 58. Ke7 Rc8 59. Kd7 Rh8 60. Ke6 Bc8+ 61. Kf6 Rf8+ 62. Ke7 Rh8 63. Kf6 Rf8+ 64. Ke7 Rh8 65. Kf6 1/2-1/2